000 00298nam a2200121Ia 4500
008 190216s9999||||xx |||||||||||||| ||und||
100 _aMuhammod Hussain Hical
245 4 _aThe Life Of Muhammad
260 _bCrescent Publishing
_c1976
300 _a632p
650 _aIslamic History
942 _cBK
999 _c22170
_d22170